So študentmi na Akademickom Prešove

Bibliographic Details
Format: Article
Language:Slovak
Subjects:

MARC

LEADER 00000nab a2200000 ar4500
001 vtls008936681
003 SK-MaSNL
005 20260303070652.0
008 070118c2006 xo mr|p|||||||000 b|slo
015 |a SNBRB2007/01  |2 snkbucl 
038 |a SNKBUCL 
040 |a SNKBUCL  |b slo  |c SNKBUCL  |e AACR2 
041 0 |a slo 
044 |a xo  |c SK 
080 |a 82:929:821.162.4:061.7  |2 1997 
080 |a 821.162.4:929:061.7  |2 1997 
080 |a 82:061.7  |2 1997 
080 |a 792.079:06.063  |x (437.6)  |2 1997 
245 0 0 |a So študentmi na Akademickom Prešove  |c [autor] (suba) 
600 1 7 |a Valček, Peter,  |d 1955-2019  |t Slovník literárnej teórie  |2 snkbucl  |9 89697 
611 2 7 |a Akademický Prešov  |n (40. :  |d 2006 :  |c Prešov, Slovensko)  |2 snkbucl  |9 1067489 
648 7 |a 14.11.2006  |2 snkbucl  |9 1068393 
651 7 |a Prešov (Slovensko)  |2 snkbucl  |9 17347 
773 0 |t Knižná revue  |g Roč. XVI., č. 26 (2006)  |x 1210-1982 
773 0 8 |i Príl.:  |t Spravodajca  |g Roč. 4, č. 2 (2006), s. II 
852 |a SNK  |b KIS3GCP 
958 |a LX 
958 |a SK 
999 |c 1756421  |d 1758351